Normal view
MARC view
Entry Topical Term
001 - CONTROL NUMBER
- control field: 17558
003 - CONTROL NUMBER IDENTIFIER
- control field: OSt
005 - DATE AND TIME OF LATEST TRANSACTION
- control field: 20240621104400.0
008 - FIXED-LENGTH DATA ELEMENTS
- fixed length control field: 240621|| aca||aabn | a|a d
040 ## - CATALOGING SOURCE
- Original cataloging agency: OSt
- Transcribing agency: OSt
150 ## - HEADING--TOPICAL TERM
- Topical term or geographic name entry element: Free electron theory of metals
670 ## - SOURCE DATA FOUND
- Source citation: Work cat.: (OSt)8686: Mizutani, UichirΕ. 17557, Introduction to the electron theory of metals /, 2001.
